[Event "31st WCh U20 Girls"]
[Site "Kocaeli TUR"]
[Date "2013.09.21"]
[Round "8.17"]
[White "Pujari, Rucha"]
[Black "Sviridova, Vlada"]
[Result "1/2-1/2"]
[WhiteElo "2154"]
[BlackElo "2063"]
[EventDate "2013.09.13"]
[PlyCount "112"]

1.d4 d5 2.Nf3 Nf6 3.g3 c6 4.Bg2 Bg4 5.O-O Nbd7 6.Nbd2 e6 7.c4 Be7 8.b3 O-O
9.Bb2 h6 10.Ne5 Nxe5 11.dxe5 Nd7 12.h3 Bh5 13.g4 Bg6 14.e4 dxc4 15.Nxc4 
Nc5 16.Nd6 f6 17.Qd4 Bxd6 18.exd6 Qb6 19.Qc4 Qb5 20.Qxb5 cxb5 21.Ba3 b6 
22.Rac1 b4 23.Bxb4 Nd3 24.Rc4 b5 25.Rd4 Nf4 26.Rd2 Nxg2 27.Kxg2 Bxe4+ 28.
f3 Bd5 29.Ba5 Rf7 30.Rc1 Rd7 31.Bc7 Rc8 32.Rc5 a6 33.Kg3 Kf7 34.f4 Bb7 35.
a4 bxa4 36.bxa4 g6 37.Rb2 Bd5 38.Rb6 Ra8 39.f5 gxf5 40.gxf5 Rg8+ 41.Kf2 
Rg2+ 42.Kf1 Rg3 43.fxe6+ Kxe6 44.Rb8 Rxh3 45.Re8+ Kf7 46.Re7+ Rxe7 47.dxe7
Be6 48.Bd6 Bd7 49.Ra5 Rh4 50.Rxa6 Bxa4 51.Kf2 Re4 52.Ra7 Be8 53.Kf3 Rc4 
54.Kg3 h5 55.Kh2 h4 56.Ra2 Re4 1/2-1/2

[Event "31st WCh U20 Girls"]
[Site "Kocaeli TUR"]
[Date "2013.09.21"]
[Round "8.18"]
[White "Karabaeva, Zhanna"]
[Black "Vo Thi Kim Phung"]
[Result "1/2-1/2"]
[WhiteElo "2029"]
[BlackElo "2219"]
[EventDate "2013.09.13"]
[PlyCount "136"]

1.e4 c5 2.Nc3 e6 3.g3 Nc6 4.Bg2 g6 5.d3 Bg7 6.f4 d6 7.Nf3 Nge7 8.O-O a6 9.
a4 Nd4 10.Ne2 Nxf3+ 11.Bxf3 Nc6 12.c3 Qb6 13.Rb1 O-O 14.Be3 a5 15.Kh1 Bd7 
16.Bg2 f5 17.Ng1 Rae8 18.Qd2 Qb3 19.Ra1 Rc8 20.e5 Ne7 21.d4 cxd4 22.Bxd4 
d5 23.Nf3 Qc4 24.Rfb1 Ra8 25.Qf2 Qc8 26.Bc5 Re8 27.Rc1 Bc6 28.Nd4 Qd7 29.
Nxc6 bxc6 30.b4 Reb8 31.bxa5 Rxa5 32.Bb6 Raa8 33.a5 Nc8 34.Bc5 Bf8 35.Be3 
Rb3 36.a6 Ba3 37.Rcb1 Rxb1+ 38.Rxb1 Rxa6 39.Qa2 Ra5 40.Qb3 Rb5 41.Qa2 
Rxb1+ 42.Qxb1 Be7 43.h3 c5 44.Qb8 c4 45.Bd4 Qc6 46.Kh2 Bc5 47.Bxc5 Qxc5 
48.Qb7 Ne7 49.Qd7 Kf7 50.Qd8 Qe3 51.Qh8 Qxc3 52.Qf6+ Ke8 53.Qxe6 Qa5 54.
Qf6 Qc5 55.e6 Kd8 56.Bxd5 c3 57.Qh8+ Kc7 58.Qe5+ Kb6 59.Qb8+ Ka6 60.Qb7+ 
Ka5 61.Qa8+ Kb4 62.Qb7+ Ka4 63.Qa6+ Kb4 64.Qb7+ Ka5 65.Qa8+ Kb5 66.Qb7+ 
Ka4 67.Qa6+ Kb4 68.Qb7+ Ka5 1/2-1/2

[Event "31st WCh U20 Girls"]
[Site "Kocaeli TUR"]
[Date "2013.09.21"]
[Round "8.19"]
[White "Nasriddinzoda, Marvorii"]
[Black "Sihite, Chelsie Monica"]
[Result "0-1"]
[WhiteElo "2032"]
[BlackElo "2282"]
[EventDate "2013.09.13"]
[PlyCount "60"]

1.d4 Nf6 2.c4 e6 3.Nf3 b6 4.a3 Ba6 5.Qc2 Bb7 6.Nc3 c5 7.e4 cxd4 8.Nxd4 Bc5
9.Be3 Ng4 10.b4 Nxe3 11.fxe3 Bd6 12.Rd1 Qh4+ 13.Qf2 Qxf2+ 14.Kxf2 Be5 15.
Bd3 Nc6 16.Nce2 h5 17.h3 a5 18.bxa5 Rxa5 19.Rb1 Rxa3 20.Rxb6 Ba8 21.Rd1 
O-O 22.Rb5 f6 23.Nb3 Na7 24.Ra5 Rxb3 25.Rxa7 Rb2 26.Rxd7 Bc6 27.Ra7 Rd8 
28.Rb1 Rxd3 29.Rd1 Rd8 30.Raa1 Rb3 0-1

[Event "31st WCh U20 Girls"]
[Site "Kocaeli TUR"]
[Date "2013.09.21"]
[Round "8.20"]
[White "Kurbonboeva, Sarvinoz"]
[Black "Shristi Shetty, J."]
[Result "1-0"]
[WhiteElo "2120"]
[BlackElo "1909"]
[EventDate "2013.09.13"]
[PlyCount "65"]

1.d4 Nf6 2.c4 c5 3.d5 e6 4.Nc3 exd5 5.cxd5 d6 6.Nf3 g6 7.Nd2 a6 8.a4 Bg7 
9.Nc4 O-O 10.Bf4 Ne8 11.e3 Ra7 12.Ne4 Bf5 13.Nexd6 Bxb2 14.Nxf5 Bc3+ 15.
Nd2 gxf5 16.Rc1 Bg7 17.Bc4 Nd7 18.O-O Nb6 19.Nf3 Nf6 20.d6 Ne4 21.Qb3 Nxc4
22.Qxc4 Qa5 23.Qd5 Qxa4 24.Qxf5 Rd8 25.Ng5 Nxg5 26.Bxg5 Qd7 27.Qxc5 Rda8 
28.Qb6 f6 29.Bf4 Kf8 30.Rc7 Qb5 31.Qd4 b6 32.d7 Rxc7 33.Bxc7 1-0

[Event "31st WCh U20 Girls"]
[Site "Kocaeli TUR"]
[Date "2013.09.21"]
[Round "8.21"]
[White "Anjana Krishna, S."]
[Black "Martinez, Ayelen"]
[Result "0-1"]
[WhiteElo "1881"]
[BlackElo "2101"]
[EventDate "2013.09.13"]
[PlyCount "82"]

1.e4 c5 2.c3 Nf6 3.e5 Nd5 4.d4 cxd4 5.Qxd4 e6 6.Nf3 Nc6 7.Qe4 d6 8.Bb5 Bd7
9.c4 Nb6 10.exd6 Bxd6 11.O-O a6 12.Rd1 Qe7 13.Be3 Bc7 14.c5 Nd5 15.Bc4 f5 
16.Qd3 Nxe3 17.Qxe3 O-O-O 18.Nc3 g5 19.Qxg5 Qxc5 20.Bb3 Rhg8 21.Qh6 Qe7 
22.Ne2 Rg6 23.Qc1 e5 24.Ne1 e4 25.g3 Bb6 26.Ng2 Kb8 27.Ngf4 Ne5 28.Nd5 Qg7
29.Nxb6 Rxb6 30.Qf4 Ka8 31.Nd4 Nd3 32.Qe3 Rb4 33.Nc2 f4 34.Qd2 Rb5 35.Bc4 
Rxb2 36.Bxd3 Bc6 37.Qa5 Rd5 38.Qa3 exd3 39.Nb4 fxg3 40.hxg3 Rxb4 41.Rac1 
Qb2 0-1

[Event "31st WCh U20 Girls"]
[Site "Kocaeli TUR"]
[Date "2013.09.21"]
[Round "8.22"]
[White "Guney, Gamze Nur"]
[Black "Saranya, J."]
[Result "0-1"]
[WhiteElo "1731"]
[BlackElo "2094"]
[EventDate "2013.09.13"]
[PlyCount "74"]

1.d4 f5 2.Nf3 Nf6 3.c4 g6 4.Nc3 Bg7 5.e3 O-O 6.Be2 d6 7.O-O h6 8.Qc2 Na6 
9.a3 c5 10.Rb1 Qe8 11.b4 e5 12.Nb5 Ne4 13.Bd3 Qc6 14.bxc5 Nexc5 15.dxc5 e4
16.Nfd4 exd3 17.Qxd3 Qxc5 18.Nb3 Qc6 19.Na5 Qb6 20.Bd2 Rd8 21.Qd5+ Kh7 22.
Nd4 Qc5 23.Qf7 Rf8 24.Qe7 Qe5 25.Qh4 Nc5 26.Bb4 b6 27.Nac6 Qe8 28.Rfd1 Bb7
29.Nxa7 g5 30.Qg3 Be5 31.f4 gxf4 32.exf4 Rg8 33.Qh3 Bxd4+ 34.Rxd4 Rxg2+ 
35.Qxg2 Bxg2 36.Kxg2 Qe2+ 37.Kh1 Qf3+ 0-1

[Event "31st WCh U20 Girls"]
[Site "Kocaeli TUR"]
[Date "2013.09.21"]
[Round "8.23"]
[White "Firat, Deniz"]
[Black "Miladinovic, Lena"]
[Result "0-1"]
[WhiteElo "1664"]
[BlackElo "2080"]
[EventDate "2013.09.13"]
[PlyCount "86"]

1.d4 Nf6 2.c4 e6 3.Nf3 Bb4+ 4.Nbd2 d6 5.a3 Bxd2+ 6.Qxd2 a5 7.Qc2 Qe7 8.Bg5
h6 9.Bh4 e5 10.dxe5 dxe5 11.e4 O-O 12.Be2 Bg4 13.O-O Nc6 14.h3 Bxf3 15.
Bxf3 Rfe8 16.Rfe1 Nd4 17.Qc3 Ra6 18.Bd1 c5 19.Ba4 Rd8 20.Rab1 Qe6 21.Bb5 
Ra7 22.b4 axb4 23.axb4 Rda8 24.bxc5 Ra3 25.Qc1 Nh5 26.Re3 Ra2 27.Rb2 R2a5 
28.Kh2 Nf4 29.Bg3 Ng6 30.Qe1 Qe7 31.Qb4 Qg5 32.Bd7 Qe7 33.Qxb7 R5a7 34.Qd5
Qxd7 35.Bxe5 Nxe5 36.Qxe5 Qc7 37.Qxc7 Rxc7 38.Rd3 Ne6 39.Rd5 Rac8 40.Rb5 
Nxc5 41.e5 Ne6 42.Rb2 Nc5 43.Rb5 Ne6 0-1

[Event "31st WCh U20 Girls"]
[Site "Kocaeli TUR"]
[Date "2013.09.21"]
[Round "8.24"]
[White "Juhasz, Barbara"]
[Black "Matute Loja, Belen"]
[Result "1-0"]
[WhiteElo "2169"]
[BlackElo "1955"]
[EventDate "2013.09.13"]
[PlyCount "65"]

1.e4 c5 2.b3 Nc6 3.Bb2 d6 4.Bb5 Bd7 5.Ne2 a6 6.Bxc6 Bxc6 7.d3 d5 8.Nd2 e6 
9.O-O Nf6 10.Ng3 Be7 11.Qe2 Qc7 12.c4 O-O-O 13.cxd5 exd5 14.e5 Nd7 15.f4 
Rhg8 16.Nf3 Nb8 17.Nf5 g6 18.Nxe7+ Qxe7 19.b4 c4 20.Bd4 cxd3 21.Qd2 Nd7 
22.a4 b5 23.axb5 Bxb5 24.Rfc1+ Kb7 25.Bc5 Nxc5 26.bxc5 Rc8 27.Qb4 Kc7 28.
Nd4 Rb8 29.Qa5+ Kd7 30.Nxb5 Rxb5 31.Qxa6 Rgb8 32.c6+ Ke8 33.c7 1-0

[Event "31st WCh U20 Girls"]
[Site "Kocaeli TUR"]
[Date "2013.09.21"]
[Round "8.25"]
[White "Gueci, Laura"]
[Black "Petrova, Irina"]
[Result "0-1"]
[WhiteElo "1904"]
[BlackElo "2117"]
[EventDate "2013.09.13"]
[PlyCount "68"]

1.c4 g6 2.g3 Bg7 3.Bg2 d6 4.Nc3 f5 5.d3 Nf6 6.e4 Nc6 7.Nge2 O-O 8.O-O e5 
9.Nd5 Be6 10.Bg5 Qd7 11.Qd2 Kh8 12.Rad1 Ng8 13.b4 Rae8 14.b5 Nd8 15.exf5 
Bxf5 16.Bxd8 Rxd8 17.Qa5 c6 18.Ne3 Ne7 19.Nxf5 gxf5 20.d4 f4 21.Qa3 Qf5 
22.f3 Qf7 23.Rfe1 Nf5 24.Rd3 Ne3 25.Rxe3 fxe3 26.dxe5 dxe5 27.Qxe3 cxb5 
28.cxb5 Qxa2 29.Nc3 Qb3 30.Rb1 Qa3 31.Qe1 Rc8 32.Ne4 Rc2 33.Ng5 h6 34.Ne4 
Rfc8 0-1

[Event "31st WCh U20 Girls"]
[Site "Kocaeli TUR"]
[Date "2013.09.21"]
[Round "8.26"]
[White "Soylemez, Cansu"]
[Black "De Seroux, Camille"]
[Result "0-1"]
[WhiteElo "1905"]
[BlackElo "2108"]
[EventDate "2013.09.13"]
[PlyCount "94"]

1.d4 Nf6 2.c4 g6 3.Nf3 Bg7 4.g3 O-O 5.Bg2 d6 6.O-O c6 7.Nc3 Qa5 8.e4 e5 9.
h3 Nbd7 10.Be3 exd4 11.Nxd4 Nb6 12.c5 Nc4 13.cxd6 Nxe3 14.fxe3 Qe5 15.Nde2
Rd8 16.Qd4 Nh5 17.g4 Ng3 18.Rfd1 Nxe2+ 19.Nxe2 Qb5 20.Qd3 Qxb2 21.Nd4 Qb4 
22.Nc2 Qa5 23.Rab1 Qxa2 24.Na3 b6 25.Rd2 Qe6 26.Nc4 Ba6 27.Rc1 Bxc4 28.
Rxc4 Rxd6 29.Qxd6 Qxc4 30.Rd1 Qc3 31.Kh1 Be5 32.Qe7 a5 33.Bf1 Qc2 34.Qxe5 
Qxd1 35.Kg2 a4 36.Qb2 Qb3 37.Qc1 a3 38.Qxc6 Rf8 39.Bc4 Qb2+ 40.Kf3 a2 41.
Bxa2 Qxa2 42.Qxb6 Qe6 43.Qd4 f5 44.gxf5 gxf5 45.e5 Qf7 46.Qh4 Qd5+ 47.Kf4 
Qc4+ 0-1

[Event "31st WCh U20 Girls"]
[Site "Kocaeli TUR"]
[Date "2013.09.21"]
[Round "8.27"]
[White "Liu Hongyan"]
[Black "Leonardi, Caterina"]
[Result "1-0"]
[WhiteElo "2065"]
[BlackElo "1944"]
[EventDate "2013.09.13"]
[PlyCount "73"]

1.d4 d5 2.c4 c6 3.Nc3 Nf6 4.Nf3 a6 5.cxd5 cxd5 6.Bf4 Nc6 7.e3 Bf5 8.Bd3 
Bxd3 9.Qxd3 e6 10.O-O Nh5 11.Bg5 Be7 12.Bxe7 Qxe7 13.Qe2 Nf6 14.Ne5 Rc8 
15.Nd3 O-O 16.a3 Na5 17.Rac1 Nb3 18.Rc2 Rc7 19.Qd1 Rfc8 20.Nxd5 Nxd5 21.
Rxc7 Qxc7 22.Qxb3 b6 23.h3 Qd6 24.Ne5 b5 25.Nd3 Nb6 26.Rc1 Rxc1+ 27.Nxc1 
Qc6 28.Nd3 Na4 29.Qb4 Qc2 30.Qe7 Qc8 31.b3 Nb6 32.Ne5 f6 33.Qf7+ Kh8 34.
Nd3 h6 35.Nf4 Qc1+ 36.Kh2 Qxa3 37.Qxe6 1-0

[Event "31st WCh U20 Girls"]
[Site "Kocaeli TUR"]
[Date "2013.09.21"]
[Round "8.28"]
[White "Anu Bayar"]
[Black "Assaubaeva, Bibisara"]
[Result "1/2-1/2"]
[WhiteElo "2012"]
[BlackElo "1761"]
[EventDate "2013.09.13"]
[PlyCount "138"]

1.d4 Nf6 2.c4 e6 3.g3 Bb4+ 4.Bd2 Bxd2+ 5.Qxd2 O-O 6.Bg2 d5 7.Nf3 Nbd7 8.
O-O c5 9.Rd1 Qe7 10.Nc3 dxc4 11.e4 cxd4 12.Nxd4 a6 13.Qe2 Ne5 14.Nf3 Nfd7 
15.Nd2 Qc5 16.Kf1 Nf6 17.f4 Neg4 18.Ke1 Qg1+ 19.Nf1 Nxh2 20.Kd2 Nxf1+ 21.
Rxf1 Qd4+ 22.Kc2 Qd3+ 23.Qxd3 cxd3+ 24.Kxd3 Rd8+ 25.Ke2 Nh5 26.Rf3 e5 27.
f5 g6 28.Bh3 gxf5 29.exf5 b5 30.Re3 f6 31.Bg4 Ng7 32.Bf3 Rb8 33.g4 h5 34.
Ne4 Kf7 35.Rc3 Rd7 36.Rh1 hxg4 37.Bxg4 Bb7 38.Ke3 b4 39.Rc4 Bd5 40.Rc5 
Rbd8 41.Rd1 Bxe4 42.Rxd7+ Rxd7 43.Kxe4 Rd4+ 44.Kf3 Rf4+ 45.Kg3 Nxf5+ 46.
Kh3 Kg6 47.Ra5 Ne3 48.Bd7 Kg5 49.Kg3 Nf5+ 50.Bxf5 Rxf5 51.Rxa6 e4 52.Rb6 
e3 53.Rxb4 e2 54.Re4 Ra5 55.a3 Rb5 56.b4 Rd5 57.Kf2 Rd3 58.a4 f5 59.Rxe2 
Ra3 60.a5 Rb3 61.a6 Rxb4 62.Ra2 Rb8 63.a7 Ra8 64.Kf3 Kf6 65.Kf4 Ke6 66.
Ra6+ Kd7 67.Kxf5 Kc7 68.Rf6 Rxa7 69.Rf7+ Kb6 1/2-1/2

[Event "31st WCh U20 Girls"]
[Site "Kocaeli TUR"]
[Date "2013.09.21"]
[Round "8.29"]
[White "Savant, Riya"]
[Black "Adanmis, Ezgi"]
[Result "1-0"]
[WhiteElo "1960"]
[BlackElo "1499"]
[EventDate "2013.09.13"]
[PlyCount "57"]

1.d4 Nf6 2.g3 d5 3.Bg2 c6 4.Nf3 Bf5 5.O-O e6 6.Nbd2 h6 7.b3 Be7 8.Bb2 O-O 
9.c4 a5 10.Re1 Nbd7 11.Ne5 Nxe5 12.dxe5 Nd7 13.cxd5 exd5 14.e4 dxe4 15.
Bxe4 Be6 16.Bb1 Qb6 17.Qc2 g6 18.Ne4 a4 19.Nf6+ Bxf6 20.exf6 c5 21.Qd2 Kh7
22.Bc1 Nxf6 23.Qxh6+ Kg8 24.Bb2 Bd7 25.Bxg6 Rfe8 26.Bh7+ Kh8 27.Bxf6+ Qxf6
28.Qxf6+ Kxh7 29.Qxf7+ 1-0

[Event "31st WCh U20 Girls"]
[Site "Kocaeli TUR"]
[Date "2013.09.21"]
[Round "8.30"]
[White "Barbosa, Larissa Ichimura"]
[Black "Edes, Zsofia"]
[Result "1-0"]
[WhiteElo "1868"]
[BlackElo "2044"]
[EventDate "2013.09.13"]
[PlyCount "67"]

1.e4 g6 2.d4 Bg7 3.Nc3 d6 4.f4 c6 5.Nf3 Bg4 6.Be3 Qb6 7.Qd2 Bxf3 8.gxf3 
Nd7 9.O-O-O Qa5 10.Bc4 Nb6 11.Bb3 d5 12.Rhg1 e6 13.f5 exf5 14.exd5 Ne7 15.
Bg5 Nbxd5 16.Bxd5 Nxd5 17.Qe2+ Kf8 18.Nxd5 Qxd5 19.Qe7+ Kg8 20.Qxb7 Re8 
21.Rge1 Rxe1 22.Qb8+ Bf8 23.Rxe1 Kg7 24.Qe5+ Qxe5 25.dxe5 Bc5 26.Bf6+ Kg8 
27.Rd1 Bb6 28.Rd7 h6 29.Bxh8 Kxh8 30.Rxf7 f4 31.e6 Kg8 32.Rf6 Bc5 33.Rxg6+
Kf8 34.Rxh6 1-0

[Event "31st WCh U20 Girls"]
[Site "Kocaeli TUR"]
[Date "2013.09.21"]
[Round "8.31"]
[White "Shyngys Kyzy, Aijarkyn"]
[Black "Krumova, Ani"]
[Result "0-1"]
[WhiteElo "1780"]
[BlackElo "1993"]
[EventDate "2013.09.13"]
[PlyCount "98"]

1.e4 c5 2.Nf3 Nc6 3.Bb5 Nf6 4.e5 Ng4 5.Bxc6 dxc6 6.O-O g6 7.d3 Bg7 8.Bf4 
Nh6 9.h3 O-O 10.Nbd2 b6 11.Re1 f5 12.e6 Ng4 13.hxg4 fxg4 14.Ng5 Rxf4 15.g3
Rf5 16.Qxg4 Qd4 17.Nde4 h5 18.Qh3 Bf6 19.c3 Qd5 20.Nf7 Kg7 21.g4 Rf4 22.g5
Bxe6 23.gxf6+ exf6 24.Qe3 Rg4+ 25.Kf1 Bxf7 26.Re2 Re8 27.Qh3 f5 28.Nd2 g5 
29.Rxe8 Bxe8 30.Re1 Bf7 31.Qe3 h4 32.Nc4 Qxd3+ 33.Qxd3 Bxc4 34.Re7+ Kg6 
35.Qxc4 Rxc4 36.Rxa7 Rg4 37.Rc7 h3 38.Rxc6+ Kg7 39.Rc7+ Kf6 40.Rc6+ Ke5 
41.Rh6 Rh4 42.Rxh4 gxh4 43.Kg1 Ke4 44.b3 Kd3 45.c4 f4 46.Kh2 Ke2 47.a3 
Kxf2 48.b4 Ke2 49.bxc5 bxc5 0-1

[Event "31st WCh U20 Girls"]
[Site "Kocaeli TUR"]
[Date "2013.09.21"]
[Round "8.32"]
[White "Racki, Barbara"]
[Black "Aslan, Cagla Yaren"]
[Result "1/2-1/2"]
[WhiteElo "1946"]
[BlackElo "1697"]
[EventDate "2013.09.13"]
[PlyCount "109"]

1.e4 c5 2.c3 d5 3.exd5 Qxd5 4.d4 e6 5.Nf3 Nc6 6.Bd3 cxd4 7.cxd4 Bb4+ 8.Nc3
Nge7 9.O-O Bxc3 10.bxc3 O-O 11.Re1 b6 12.Ne5 Bb7 13.Be4 Qd6 14.Bf4 Nd5 15.
Bd2 Nf6 16.Bf3 Rfd8 17.Bg5 Rac8 18.Bxf6 gxf6 19.Ng4 f5 20.Nf6+ Kh8 21.Qd2 
Qf8 22.Qg5 Qg7 23.Qh4 h6 24.Nh5 Qg5 25.Qh3 Rg8 26.Re3 Rg6 27.Bxc6 Bxc6 28.
Rg3 Qd2 29.Qh4 Rxg3 30.hxg3 Qg5 31.Qh2 Bd5 32.f4 Qg6 33.Rc1 Bxa2 34.Qh4 a5
35.Nf6 b5 36.Ra1 Rxc3 37.Rxa2 a4 38.d5 exd5 39.Re2 Rc8 40.Nxd5 Rb8 41.Qe7 
Qg7 42.Kh2 Rg8 43.Re3 Rf8 44.Nf6 Ra8 45.Nh5 Qg6 46.Qe5+ Kh7 47.Nf6+ Kg7 
48.Ne8+ Kg8 49.Nd6 a3 50.Nxf5 Kh7 51.Qd5 Qh5+ 52.Kg1 a2 53.Re1 a1=Q 54.
Rxa1 Rxa1+ 55.Kf2 1/2-1/2

[Event "31st WCh U20 Girls"]
[Site "Kocaeli TUR"]
[Date "2013.09.21"]
[Round "8.34"]
[White "Sen, Beril Berfin"]
[Black "Gulay, Ayca Nuriye"]
[Result "1/2-1/2"]
[WhiteElo "1609"]
[BlackElo "1634"]
[EventDate "2013.09.13"]
[PlyCount "78"]

1.d4 g6 2.c4 Bg7 3.Nc3 f5 4.Nf3 Nf6 5.Bg5 h6 6.Bd2 O-O 7.g3 d6 8.Bg2 c6 9.
O-O Nbd7 10.Qb3 Kh7 11.Rfe1 e5 12.e4 fxe4 13.Nxe4 Nxe4 14.Rxe4 exd4 15.
Nxd4 Nc5 16.Qe3 Nxe4 17.Bxe4 Bh3 18.Qd3 Qf6 19.Be3 Bf5 20.Nxf5 gxf5 21.Bf3
Kh8 22.Rd1 Rad8 23.Rd2 a6 24.Qb3 Qf7 25.Qb6 Kh7 26.Bf4 Qe7 27.Re2 Qf7 28.
Rd2 Qxc4 29.Qxb7 Qb5 30.Qxc6 Qxc6 31.Bxc6 Be5 32.Be3 f4 33.Bd4 Bxd4 34.
Rxd4 fxg3 35.hxg3 Rf6 36.b3 Kg7 37.Bb7 Rb8 38.Bxa6 Ra8 39.Bc4 Raf8 1/2-1/2

[Event "31st WCh U20 Girls"]
[Site "Kocaeli TUR"]
[Date "2013.09.21"]
[Round "8.35"]
[White "Arig, Busra"]
[Black "Fuentes Godoy, Lilia Ivonne"]
[Result "1-0"]
[WhiteElo "1788"]
[BlackElo "1829"]
[EventDate "2013.09.13"]
[PlyCount "61"]

1.d4 c5 2.d5 f5 3.Nc3 Nf6 4.f3 g6 5.e4 d6 6.Bb5+ Nbd7 7.exf5 gxf5 8.Bg5 
Bg7 9.Nh3 a6 10.Nf4 Qb6 11.Ne6 Kf7 12.Nxg7 Kxg7 13.Bxd7 Bxd7 14.Qd2 h6 15.
Bh4 Qb4 16.g3 b5 17.Rb1 Qa5 18.a3 b4 19.Ne2 Qb5 20.Kf2 Rab8 21.axb4 cxb4 
22.Nf4 Qc5+ 23.Kg2 Rhc8 24.Rbc1 Rb5 25.Bxf6+ exf6 26.Rhe1 Kf7 27.Nd3 Qxd5 
28.Qxh6 Re8 29.Qh7+ Kf8 30.Qxd7 Reb8 31.Rcd1 1-0

[Event "31st WCh U20 Girls"]
[Site "Kocaeli TUR"]
[Date "2013.09.21"]
[Round "8.36"]
[White "Soydan, Busra"]
[Black "Urbonaviciute, Zivile"]
[Result "0-1"]
[WhiteElo "1709"]
[BlackElo "1826"]
[EventDate "2013.09.13"]
[PlyCount "42"]

1.e4 c5 2.Nc3 e6 3.Bc4 a6 4.a4 Nc6 5.f4 Nge7 6.e5 Nf5 7.Nf3 d5 8.exd6 Bxd6
9.d3 Qc7 10.Qd2 h6 11.Ne4 Be7 12.Qf2 b6 13.c3 Bb7 14.g4 Nd6 15.Bb3 Na5 16.
Bc2 c4 17.Be3 cxd3 18.Bxb6 Qc6 19.Ned2 Ndc4 20.Nxc4 Nxc4 21.Bxd3 Nxb6 0-1

[Event "31st WCh U20 Girls"]
[Site "Kocaeli TUR"]
[Date "2013.09.21"]
[Round "8.37"]
[White "Alymbay Kyzy, Aizhan"]
[Black "Micoogullari, Lara"]
[Result "1-0"]
[WhiteElo "1820"]
[BlackElo "1585"]
[EventDate "2013.09.13"]
[PlyCount "71"]

1.e4 c5 2.Nf3 Nc6 3.d4 cxd4 4.Nxd4 e5 5.Nb3 Nf6 6.Nc3 Bb4 7.Bd3 O-O 8.O-O 
h6 9.Bd2 d6 10.h3 Re8 11.a3 Bxc3 12.Bxc3 d5 13.exd5 Nxd5 14.Re1 Nxc3 15.
bxc3 Qf6 16.Nd2 Bf5 17.Ne4 Qg6 18.Qf3 Ne7 19.Kh1 Rad8 20.Kh2 b6 21.g4 Bd7 
22.Qg3 f5 23.gxf5 Bxf5 24.Qxe5 Nc6 25.Nf6+ Qxf6 26.Qxf5 Ne5 27.Qxf6 gxf6 
28.Rg1+ Kh8 29.Rg3 h5 30.Rag1 h4 31.Rg7 Nf3+ 32.Kh1 Nxg1 33.Rxg1 Rg8 34.
Rb1 Rd7 35.Rb4 Rgg7 36.Rxh4+ 1-0

[Event "31st WCh U20 Girls"]
[Site "Kocaeli TUR"]
[Date "2013.09.21"]
[Round "8.38"]
[White "Birgelir, Melisa"]
[Black "Alev, Gonulden Seda"]
[Result "1/2-1/2"]
[WhiteElo "1617"]
[BlackElo "1632"]
[EventDate "2013.09.13"]
[PlyCount "32"]

1.g3 d5 2.Bg2 Nf6 3.Nf3 c5 4.d3 Nc6 5.Nbd2 e5 6.O-O Bd6 7.Re1 O-O 8.e4 d4 
9.a4 a6 10.Nf1 h6 11.N1d2 Ne8 12.Nf1 Nf6 13.N1d2 Ne8 14.Nf1 Nf6 15.N1d2 
Ng4 16.Nf1 Nf6 1/2-1/2

[Event "31st WCh U20 Girls"]
[Site "Kocaeli TUR"]
[Date "2013.09.22"]
[Round "9.8"]
[White "Hejazipour, Mitra"]
[Black "Xiao Yiyi"]
[Result "1-0"]
[WhiteElo "2256"]
[BlackElo "2163"]
[EventDate "2013.09.13"]
[PlyCount "110"]

1.d4 Nf6 2.Nf3 e6 3.c4 d5 4.Nc3 Bb4 5.Bg5 h6 6.Bxf6 Qxf6 7.Rc1 O-O 8.a3 
Bxc3+ 9.Rxc3 Rd8 10.Qc2 Nc6 11.cxd5 exd5 12.e3 Bf5 13.Qb3 Ne7 14.Be2 c6 
15.O-O Bg4 16.Qc2 Ng6 17.Ne1 Bd7 18.Qb3 b6 19.Nd3 Re8 20.Qc2 Rac8 21.Rc1 
Qg5 22.Qd1 Re7 23.Kh1 Rce8 24.Bf1 h5 25.Nb4 Re6 26.Nxc6 a5 27.f4 Qf6 28.
Ne5 Nf8 29.Rc7 Qd8 30.Qxh5 R8e7 31.Bd3 Rh6 32.Qf3 Ne6 33.R7c3 g6 34.Ng4 
Rh4 35.Nf6+ Kg7 36.Nxd5 Re8 37.g3 Rh5 38.Nc7 Reh8 39.Nxe6+ Bxe6 40.R1c2 a4
41.Rd2 Qd7 42.Be4 Qe7 43.Bc6 g5 44.f5 g4 45.f6+ Qxf6 46.Qxf6+ Kxf6 47.e4 
Bb3 48.Rc1 Ke7 49.Rf1 Rd8 50.d5 f6 51.Rf4 Rg5 52.Kg1 Rg6 53.Rd4 Kd6 54.
Bxa4 Bxa4 55.Rxa4 Rc8 1-0

[Event "31st WCh U20 Girls"]
[Site "Kocaeli TUR"]
[Date "2013.09.22"]
[Round "9.24"]
[White "Shristi Shetty, J."]
[Black "Nasriddinzoda, Marvorii"]
[Result "0-1"]
[WhiteElo "1909"]
[BlackElo "2032"]
[EventDate "2013.09.13"]
[PlyCount "78"]

1.e4 d6 2.d4 Nf6 3.Nc3 e5 4.Nf3 Nbd7 5.Bc4 Be7 6.O-O O-O 7.h3 c6 8.a4 b6 
9.Qe2 a6 10.Rd1 Qc7 11.dxe5 Nxe5 12.Bb3 Bb7 13.Bf4 b5 14.Qe3 b4 15.Ne2 c5 
16.Bd5 Nxd5 17.exd5 Nxf3+ 18.Qxf3 Bf6 19.Rab1 Rfe8 20.Ng3 Be5 21.Be3 Qe7 
22.b3 Rad8 23.Nf1 Qf6 24.Qxf6 Bxf6 25.f4 Re4 26.g3 Rde8 27.Kf2 Kf8 28.Rd2 
a5 29.f5 Bc3 30.Rdd1 f6 31.Rbc1 Kf7 32.Re1 Bxe1+ 33.Rxe1 R4e5 34.g4 Bxd5 
35.Rd1 c4 36.Bf4 Re2+ 37.Kg3 cxb3 38.Rxd5 b2 39.Rd1 Re1 0-1

[Event "31st WCh U20 Girls"]
[Site "Kocaeli TUR"]
[Date "2013.09.22"]
[Round "9.29"]
[White "Matute Loja, Belen"]
[Black "Gueci, Laura"]
[Result "1/2-1/2"]
[WhiteElo "1955"]
[BlackElo "1904"]
[EventDate "2013.09.13"]
[PlyCount "88"]

1.c4 c5 2.Nc3 Nc6 3.e4 g6 4.Nge2 Bg7 5.g3 e6 6.Bg2 Nge7 7.d3 d6 8.O-O O-O 
9.Rb1 Rb8 10.a3 b6 11.b4 Bb7 12.Bf4 Nd4 13.bxc5 Nxe2+ 14.Nxe2 bxc5 15.Qa4 
a5 16.Bd2 Bc6 17.Qxa5 Qd7 18.Bc3 Ra8 19.Qb6 Bxc3 20.Nxc3 Rxa3 21.Nb5 Nc8 
22.Nxa3 Nxb6 23.Rxb6 Kg7 24.Nb5 Ra8 25.Rb1 Ra2 26.Bf1 Qe7 27.Rxc6 Qf6 28.
f4 g5 29.Re1 gxf4 30.Re2 Rxe2 31.Bxe2 Qa1+ 32.Kg2 Qe1 33.Bf3 Qd2+ 34.Kh3 
Qxd3 35.Bh5 Qxe4 36.Rxd6 f3 37.Rd7 Qf5+ 38.g4 f2 39.gxf5 f1=Q+ 40.Kg3 Qe1+
41.Kg2 Qe4+ 42.Kg1 Qe1+ 43.Kg2 Qe4+ 44.Kg1 Qe1+ 1/2-1/2

[Event "31st WCh U20 Girls"]
[Site "Kocaeli TUR"]
[Date "2013.09.22"]
[Round "9.31"]
[White "Leonardi, Caterina"]
[Black "Tuzi, Bruna"]
[Result "1/2-1/2"]
[WhiteElo "1944"]
[BlackElo "1687"]
[EventDate "2013.09.13"]
[PlyCount "87"]

1.d4 d5 2.g3 Nf6 3.Bg2 e6 4.Nf3 b6 5.O-O Nbd7 6.c4 c6 7.cxd5 cxd5 8.Nc3 
Bb7 9.Bf4 a6 10.Rc1 Rc8 11.Qb3 Be7 12.Rfd1 O-O 13.Ne1 Nh5 14.Be3 b5 15.Nd3
Rc4 16.a4 b4 17.Na2 Rxc1 18.Rxc1 a5 19.Qc2 Qc8 20.Qc7 Qxc7 21.Rxc7 Bc8 22.
Ne5 Bd6 23.Ra7 Nxe5 24.dxe5 b3 25.Nc1 Bxe5 26.Nd3 Bd6 27.Bc5 Rd8 28.Bb6 
Bb8 29.Re7 Rf8 30.Bxa5 Nf6 31.Bc7 Bd7 32.Nc5 Bxc7 33.Nxd7 Rc8 34.e3 Nxd7 
35.Rxd7 Be5 36.a5 Bxb2 37.Rb7 Bc3 38.a6 b2 39.a7 Be5 40.Bf1 g6 41.f4 Bd6 
42.Rxb2 Ra8 43.Rb7 Kg7 44.Bh3 1/2-1/2

[Event "31st WCh U20 Girls"]
[Site "Kocaeli TUR"]
[Date "2013.09.22"]
[Round "9.33"]
[White "Aslan, Cagla Yaren"]
[Black "Soylemez, Cansu"]
[Result "1/2-1/2"]
[WhiteElo "1697"]
[BlackElo "1905"]
[EventDate "2013.09.13"]
[PlyCount "61"]

1.e4 c5 2.Nf3 Nc6 3.d3 d6 4.g3 e5 5.Bg2 Nge7 6.O-O g6 7.Bg5 Bg7 8.Qc1 O-O 
9.Nc3 Nd4 10.Bxe7 Qxe7 11.Nxd4 cxd4 12.Nd5 Qd8 13.f4 f5 14.c4 dxc3 15.bxc3
Be6 16.Rb1 Bxd5 17.exd5 Qc8 18.fxe5 Bxe5 19.d4 Bg7 20.Re1 f4 21.gxf4 Bh6 
22.Re6 Bxf4 23.Qe1 b6 24.Bh3 Qd8 25.Re7 Bg5 26.Rd7 Qf6 27.Qe6+ Kh8 28.Rf1 
Bf4 29.Qxf6+ Rxf6 30.Re1 g5 31.Re6 1/2-1/2

[Event "31st WCh U20 Girls"]
[Site "Kocaeli TUR"]
[Date "2013.09.22"]
[Round "9.34"]
[White "Adanmis, Ezgi"]
[Black "Shyngys Kyzy, Aijarkyn"]
[Result "1-0"]
[WhiteElo "1499"]
[BlackElo "1780"]
[EventDate "2013.09.13"]
[PlyCount "72"]

1.f4 e5 2.fxe5 d6 3.exd6 Bxd6 4.Nf3 g5 5.g3 g4 6.Nh4 h5 7.d3 Be7 8.Bf4 
Bxh4 9.gxh4 Qxh4+ 10.Bg3 Qe7 11.Qd2 Bd7 12.Qc3 Rh6 13.Bg2 Bc6 14.e4 Nf6 
15.Nd2 h4 16.Bf4 Nd5 17.Qe5 Qxe5 18.Bxe5 Ne3 19.Kf2 Nxc2 20.Rab1 Nb4 21.
Ke3 h3 22.Bf1 Nxa2 23.Be2 Rg6 24.Rhg1 Bd7 25.Bxc7 Nc6 26.Nc4 b6 27.Rbf1 
Be6 28.d4 Nab4 29.d5 Bxd5 30.exd5 Nxd5+ 31.Kd2 Nxc7 32.Bxg4 Rd8+ 33.Kc2 
Rd4 34.Ne3 Nb4+ 35.Kb1 Rc6 36.Rc1 Re4 1-0

[Event "31st WCh U20 Girls"]
[Site "Kocaeli TUR"]
[Date "2013.09.22"]
[Round "9.35"]
[White "Gulay, Ayca Nuriye"]
[Black "Alymbay Kyzy, Aizhan"]
[Result "0-1"]
[WhiteElo "1634"]
[BlackElo "1820"]
[EventDate "2013.09.13"]
[PlyCount "79"]

1.g3 e5 2.Bg2 d5 3.e3 Nf6 4.Ne2 Bd6 5.O-O O-O 6.f4 Bg4 7.h3 Bd7 8.f5 Nc6 
9.g4 h6 10.d3 Ne7 11.e4 dxe4 12.dxe4 Bc6 13.Nd2 Bc5+ 14.Kh2 Nc8 15.Qe1 Nd6
16.Nc3 Bd4 17.a4 a6 18.Nd1 Qd7 19.c3 Ba7 20.b3 Rfd8 21.Nb2 b5 22.Qe2 Rab8 
23.h4 Qe7 24.g5 hxg5 25.hxg5 Nh7 26.axb5 Nxb5 27.Qc4 Qxg5 28.Nf3 Qh5+ 29.
Kg3 Bxe4 30.Rh1 Qxf5 31.Rxh7 Qxh7 32.Ng5 Qf5 33.Bxe4 Qf2+ 34.Kh3 Nd6 35.
Qxa6 Nxe4 36.Qxa7 Qf5+ 37.Kh4 Nf2 38.Ra4 f6 39.Qxc7 fxg5+ 40.Kg3 0-1